Normal view
MARC view
Entry Topical Term
001 - CONTROL NUMBER
- control field: 21907
003 - CONTROL NUMBER IDENTIFIER
- control field: ARRUPE
005 - DATE AND TIME OF LATEST TRANSACTION
- control field: 20160128145013.0
008 - FIXED-LENGTH DATA ELEMENTS
- fixed length control field: 160128|| aca||aabn | a|a d
040 ## - CATALOGING SOURCE
- Original cataloging agency: ARRUPE
- Transcribing agency: ARRUPE
150 ## - HEADING--TOPICAL TERM
- Topical term or geographic name as entry element: Kafir language (Bantu)
- Form subdivision: Glossaries
670 ## - SOURCE DATA FOUND
- Source citation: Work cat.: (ARRUPE)0: Lloyd, B. G. 21906, Kitchen-Kafir grammar & vocabulary., [19-?]